000 01561nam a2200409 c 4500
001 20872
003 ES-MaCES
005 20141221122707.0
008 080218s2007 sp d s o000 | spa d
017 _aM 54599-2007
_bDL
017 _aM 55726-2007 (CD-ROM)
_bDL
020 _a9788449108037
020 _a9788449108068 (CDROM)
024 7 _a251-07-152-6
_2nipo
024 7 _a251-07-153-1 (CD-ROM)
_2nipo
035 _aCES20080001012m
040 _aES-MaCES
_bspa
_cES-MaCES
245 0 3 _aLa alimentación en España, 2006
260 _aMadrid
_bMinisterio de Agricultura, Pesca y Alimentación, Centro de Publicaciones
_c2007
300 _a470 p.
_bgráf. col.
_c24 cm
_e1 CD-ROM
500 _aEn la port.: Ministerio de Agricultura, Pesca y Alimentación, Secretaría General de Agricultura y Alimentación, Dirección General de Industria Agroalimentaria y Alimentación
500 _aPubl. simultáneamente en CD-ROM
541 _cGratuito
650 4 _aalimentación
_928658
650 4 _aconsumo alimentario
_928671
650 4 _aEspaña
_926964
650 4 _a2006
_931838
650 4 _adatos estadísticos
_930765
650 4 _aCD ROM
_930331
653 1 0 _aEstadísticas sectoriales
710 1 _aEspaña
_bMinisterio de Agricultura, Pesca y Alimentación
_eed.
_93225
710 1 _aEspaña
_bDirección General de Industria Agroalimentaria y Alimentación
_92804
787 0 _tLa alimentación en España, 2005
_w(ES-MaCES)19811
902 _aLIB Libro
942 _2CES
_cBK
_h8.3.
999 _c20872
_d20872